Obscure Country Flag To Capital - Statistics

General Stats
  • This quiz has been taken 13 times
  • The average score is 14 of 16
Answer Stats
Picture Answer % Correct
Andorra la Vella
100%
Podgorica
100%
Tbilisi
100%
Juba
92%
Nicosia
92%
Phnom Penh
92%
Vaduz
92%
Lusaka
83%
Nouakchott
83%
Sao Tome
83%
Thimphu
83%
Bridgetown
75%
Moroni
75%
Sri Jayawardenapura Kotte
75%
Suva
75%
Port Vila
67%
No matching quizzes found
Score Distribution
Percent of People with Each Score
Percentile by Number Answered
Your Score History
You have not taken this quiz